Stolice Europy nie zakończone na samogłoskę. - Statystyki

Ogólne statystyki
  • Ten quiz został rozwiązany 73 razy
  • Średni wynik to 19 z 21
Statystyki odpowiedzi
Pierwsza litera
Stolica
% Poprawnych
M Madryt
97%
B Berlin
94%
A Amsterdam
92%
R Reykjavík
91%
M Mińsk
91%
P Paryż
91%
R Rzym
91%
Z Zagrzeb
91%
K Kijów
89%
L Londyn
89%
V Vaduz
89%
S Sztokholm
88%
T Tallin
88%
W Watykan
88%
B Budapeszt
86%
B Bukareszt
86%
D Dublin
86%
L Luksemburg
86%
W Wiedeń
86%
B Belgrad
80%
K Kiszyniów
77%
Nie znaleziono quizów pasujących do podanych kryteriów
Rozkład punktacji
Procent ludzi z każdym wynikiem
Percentyl według liczby udzielonych odpowiedzi
Twoja historia wyników
Nie rozwiązałeś tego quizu